000 00522nam a22001697a 4500
003 NUST
038 _aNusrat Nadeem
082 _a200
100 _aSittara, Effat
_9123509
245 _aMoS2 Based Nanomaterials for Solar Energy Utilization/
_cEffat Sittara
264 _aIslamabad;
_bSNS NUST;
_c2022.
300 _a160,p;
_bill;
_c30,cm.
650 _aPhD-Chemistry
_9123166
700 _aSupervisor: Prof. Dr. Habib Nasir
_9123499
856 _uhttp://10.250.8.41:8080/xmlui/handle/123456789/28943
942 _2ddc
_cTHE
999 _c609684
_d609684